000 01004nam0a22002651 4500
001 rc\13998
005 20260406151753.0
035 _a(NLR Aleph) 005302513
090 _a6303522
_c6303522
100 _a20021204d1993 |||y0rusy50 ca
101 0 _arus
102 _aRU
105 _aa |||||||||
200 1 _aРусская коллекция III
_e[Альбом
_fА.О. "Альфа-Арт"]. Антиквар.-худож. аукцион № 6
_g[сост.: О. Портнова, Ю. Толстая]
210 _aМ.
_cБ. и.
_d1993
215 _a[70] с.
_cцв. ил.
_d29
300 _aПодписи к ил. парал. на рус. и англ. яз.
702 1 _aПортнова
_bО.
_4220
710 0 2 _a"Альфа-Арт", антикварно-художественный аукцион
_cМосква
_3RU\NLR\AUTH\889927274
_9350200
801 0 _aRU
_bNLR
_gpsbo
801 1 _aRU
_bELAR
_2rusmarc
852 _aNLR
_bЭ
_jАлИс135/2-51/1993-6
942 _cBOOK
980 _aNB